| 000 | 00332nam a22001217a 4500 | ||
|---|---|---|---|
| 082 | _a297,BAL | ||
| 100 |
_aBaloch, Naeem Ahmad _9109281 |
||
| 245 |
_aKawab Se Haqeet Tak _cNaeem Ahmad Baloch |
||
| 260 |
_aDaar-us-Salam, _b Lahore _c2000 |
||
| 300 | _a32 p | ||
| 650 |
_aQasi Syeden Yousaf (A.S) (Part-3) _9109307 |
||
| 942 |
_2ddc _cBK |
||
| 999 |
_c593388 _d593388 |
||